000 00753nam a2200241Ia 4500
003 OSt
005 20220923223431.0
006 a|||||r|||| 00| 0
007 ta
008 220922b |||||||| |||| 00| 0 hin d
024 _a215,273
037 _cTextual
040 _aARTS
_cARTS
_bhin
041 _2hin
_ahin
082 _aO152,3N144w, M5.1
100 _aरहबर, हॅंसराज
245 0 _aमेरे सात जन्म
246 _aMere sāt janma
260 _aनई दिल्ली
_b वाणी प्रका0
_c1985
650 _aहिन्दी साहित्य
_9156264
942 _hO152,3N144w, M5.1
_cTEXL
_2CC
999 _c365182
_d365182